[Event "POL-chT 2nd League"]
[Site "Szklarska Poreba"]
[Date "2017.09.07"]
[Round "6.17"]
[White "Kmiecik, Emilia"]
[Black "Augustyn, Jan"]
[Result "1-0"]
[WhiteElo "1786"]
[BlackElo "1728"]
[PlyCount "119"]
[EventDate "2017.09.02"]
[EventType "team-swiss"]
[EventRounds "9"]
[EventCountry "POL"]
[SourceTitle "CBM 180 Extra"]
[Source "ChessBase"]
[SourceDate "2017.10.06"]
[SourceVersion "1"]
[SourceVersionDate "2017.10.06"]
[SourceQuality "1"]
[WhiteTeam "Przedwojow Debiut"]
[BlackTeam "Rzeszow"]
[WhiteTeamCountry "POL"]
[BlackTeamCountry "POL"]

1. d4 d5 2. c4 c6 3. e3 Nf6 4. Nc3 e6 5. Nf3 Nbd7 6. Be2 dxc4 7. Bxc4 b5 8. Bd3 Bd6 9. 0-0 Bb7 10. e4 e5 11. Bg5 b4 12. Na4 h6 13. Bh4 exd4 14. Nxd4 Qc7 15. Bg3 Bxg3 16. hxg3 Ne5 17. f4 Nxd3 18. Qxd3 Qa5 19. Nf5 0-0 20. Qc2 g6 21. Nxh6+ Kg7 22. e5 Nd5 23. Nf5+ Kg8 24. Nd6 Ba6 25. Rfe1 Nb6 26. Nc5 Nc4 27. Nxa6 Nxd6 28. exd6 Qxa6 29. Qc5 Qb6 30. Rac1 Rac8 31. Kh2 Qxc5 32. Rxc5 Rfd8 33. Rd1 Rd7 34. Rd4 Kg7 35. g4 f6 36. Kg3 Kf7 37. f5 g5 38. Rxb4 Rxd6 39. Rb7+ Ke8 40. Rxa7 Rd3+ 41. Kh2 Rd2 42. b3 Rd7 43. Rxd7 Kxd7 44. Ra5 Kd6 45. Kg3 Rb8 46. Kf3 Rb4 47. Ra8 Rf4+ 48. Kg3 Re4 49. Ra7 Re2 50. Kf3 Rc2 51. Rf7 Kd5 52. Rxf6 Rc3+ 53. Kf2 Rc2+ 54. Kg3 Rc3+ 55. Kh2 Rc2 56. Rg6 Rxa2 57. Rxg5 Rb2 58. f6+ Kd6 59. Rf5 Rxb3 60. f7 1-0